Mind Master: (Record no. 172121)

MARC details
000 -LEADER
fixed length control field 00591nam a2200181 4500
005 - DATE AND TIME OF LATEST TRANSACTION
control field 20201110154746.0
010 ## - LCCN (DPL NO)
LC control number EN-127591
020 ## - INTERNATIONAL STANDARD BOOK NUMBER
Terms of availability 599.00
International Standard Book Number 9789351951506
035 ## - SYSTEM CONTROL NUMBER
System control number EN-111123
037 ## - SOURCE OF ACQUISITION
Source of stock number/acquisition DBAD/PUB
082 ## - DEWEY DECIMAL CLASSIFICATION NUMBER
Classification number 749.159
100 ## - MAIN ENTRY--PERSONAL NAME
Personal name Viswanathan Anand
245 ## - TITLE STATEMENT
Title Mind Master:
Statement of responsibility, etc Winning Lessons from a Champion's life/
Remainder of title by Viswanathan Anand
260 ## - PUBLICATION, DISTRIBUTION, ETC. (IMPRINT)
Place of publication, distribution, etc Gurugram
Name of publisher, distributor, etc Hachette Book Publishing
Date of publication, distribution, etc 2019
270 ## - ADDRESS
Address 4th & 5th Floors, Corporate Centre, Plot no 094, Sec44,
City Gurugram
Postal code 122003
300 ## - PHYSICAL DESCRIPTION
Extent 262p.
Dimensions 22cm(hb)
942 ## - ADDED ENTRY ELEMENTS (KOHA)
Source of classification or shelving scheme Dewey Decimal Classification
Item type English Books
Classification part 794.159
Call number suffix VIS
Holdings
Withdrawn status Lost status Not for loan Collection code Home library Current library Date acquired Source of acquisition Cost, normal purchase price Full call number Barcode Copy number Cost, replacement price Koha item type
      Non-fiction Sarojini Nagar Sarojini Nagar 28/01/2020 DBAD/PUB 599.00 794.159 VIS EN111123 1 599.00 English Books

© Delhi Public Library
Hit Counter
free hit counter